000 00509nam a2200181Ia 4500
003 GCL
008 140319s9999 xx 000 0 eng d
040 _aGCL /
_cGCL
082 0 4 _a658
_bS M
100 1 _aHUNT, JAMES G.
245 1 0 _aMANAGING ORGANIZATIONAL BEHAVIOR, 5TH ED. /
_cHUNT, JAMES G.
700 1 _aOSBORN, RICHARD N.
700 1 _aSCHERMERBORN, JOHN R
260 _a[S.N] :
_bJOHN WILEY AND SONS. INC ،
_c1994
650 0 4 _aMANAGEMENT
650 0 4 _aORGANIZATIONAL BEHAVIOR
942 _2ddc
_cBK
999 _c24089
_d24089